000 00978nam a22002651u 4500
001 12326
003 HDC
007 cr bn ---
008 210209p2001 my eng
040 _aHDC
100 _aGhizan Saleh,
_eauthor
_912888
245 0 _aCharacterisation of selected tropical maize inbred lines developed in Malaysia /
_cby Ghizan Saleh, Sriani Sujiprihati and Eltahir Siddig Ali
260 _aSerdang :
_bMalaysian Agricultural Research and Development Institute (MARDI),
_c2001
300 _a1 page
336 _atext
_2rdacontent
337 _acomputer
_2rdamedia
338 _aonline resource
_2rdacarrier
650 _aCharacterisation
_912891
650 _aGrain maize
_912889
650 _aInbred lines
_912890
856 _zRequest full-text at [email protected]
942 _2lcc
942 _cAR
942 _kJART 003096
999 _c9649
_d9649